| 000 | 00893nam a2200241 4500 | ||
|---|---|---|---|
| 999 |
_c13227 _d13227 |
||
| 003 | MIRAKIL | ||
| 005 | 20190509142024.0 | ||
| 008 | 190509b tu ||||| |||| 00| 0 tur d | ||
| 020 | _a9786053992189 | ||
| 040 |
_aTR-AnCHP _cTR-AnCHP |
||
| 041 | _atur | ||
| 082 |
_aATA 330.9561 _bK86m 2011 |
||
| 100 | _aKuruç, Bilsay | ||
| 245 | 1 | 0 |
_aMustafa Kemal döneminde ekonomi : _bbüyük devletler ve Türkiye / _cBilsay Kuruç. |
| 246 | _abüyük devletler ve Türkiye | ||
| 260 |
_aİstanbul : _bİstanbul Bilgi Üniversitesi Yayınları, _c2011. |
||
| 300 |
_axıv, 540 s.: _bfotğ.; _c24 sm. |
||
| 490 | 0 |
_aİstanbul Bilgi Üniversitesi Yayınları; _aEkonomi ; _v362. _v14. |
|
| 600 | 1 | 4 |
_91465 _aAtatürk, Gazi Mustafa Kemal _d1881-1938 _xekonomi politikaları |
| 650 | 0 |
_94 _aTürkiye _xEkonomi politikaları _yAtatürk dönemi |
|
| 740 | _abüyük devletler ve Türkiye | ||
| 942 |
_2ddc _cBKS |
||